Countries of europe click map - Statistics

General Stats
  • This quiz has been taken 56 times
  • The average score is 36 of 45
Answers on the Map
Answers color-coded by a green-red scale on the quiz's map according to % correct below.
 
Answer Stats
Answer % Correct
Russia
93%
Sweden
93%
Finland
88%
Greece
88%
Ireland
88%
Ukraine
88%
Belgium
85%
France
85%
Germany
85%
Italy
85%
Norway
85%
Poland
85%
Portugal
85%
Romania
85%
United Kingdom
85%
Belarus
83%
Czechia
83%
Estonia
83%
Lithuania
83%
Andorra
80%
Austria
80%
Croatia
80%
Denmark
80%
Iceland
80%
Netherlands
80%
Spain
80%
Vatican city
80%
Latvia
78%
Liechtenstein
78%
Moldova
78%
Switzerland
75%
Hungary
73%
Luxembourg
73%
Monaco
73%
San marino
73%
Serbia
73%
Slovenia
73%
Albania
70%
Bulgaria
70%
Montenegro
70%
North Macedonia
70%
Slovakia
70%
Kosovo
68%
Malta
65%
Bosnia and Herzegovina
60%
No matching quizzes found
Score Distribution
Percent of People with Each Score
Percentile by Number Answered
Your Score History
You have not taken this quiz